Survey of living conditions of harijans in Uttar Pradesh: a sample survey (Record no. 488078)

000 -LEADER
fixed length control field 00395cam a22001097a 4500
008 - FIXED-LENGTH DATA ELEMENTS--GENERAL INFORMATION
fixed length control field 180718bn.d. xxu||||| |||| 00| 0 eng d
082 ## - DEWEY DECIMAL CLASSIFICATION NUMBER
Classification number B12421x5421 Ut8
245 ## - TITLE STATEMENT
Title Survey of living conditions of harijans in Uttar Pradesh: a sample survey
Statement of responsibility, etc. by J.K. Institute of Survey
260 ## - PUBLICATION, DISTRIBUTION, ETC.
Place of publication, distribution, etc. Lucknow
Name of publisher, distributor, etc. Harijan Welfare Department
Date of publication, distribution, etc. n.d.
300 ## - PHYSICAL DESCRIPTION
Extent 60p.
700 ## - ADDED ENTRY--PERSONAL NAME
Personal name Uttar Pradesh. J.K. Institute of Survey
Holdings
Withdrawn status Lost status Damaged status Not for loan Permanent Location Current Location Date acquired Full call number Barcode Date last seen Price effective from Koha item type
        Indian Institute of Public Administration Indian Institute of Public Administration 2018-08-04 B12421x5421 Ut8 GG682 2018-08-04 2018-08-04 GG

Powered by Koha